Riadenie pohľadávok v I.S.D.B. s.r.o. Michalovce diplomová práca

Gespeichert in:
Bibliographische Detailangaben
1. Verfasser: Nováková, Mária
Körperschaft: Podnikovohospodárska fakulta EU so sídlom v Košiciach. Katedra účtovníctva a financií
Weitere Verfasser: Bobáková, Viktória
Format: Buch
Sprache:Slowakisch
Veröffentlicht: Košice 2009
Tags: Tag hinzufügen
Keine Tags, Fügen Sie das erste Tag hinzu!

MARC

LEADER 00000nam$a2200000$$$4500
001 0098701
005 20240320075402.3
041 0 |a slo 
044 |a SK 
245 1 0 |a Riadenie pohľadávok v I.S.D.B. s.r.o. Michalovce  |b diplomová práca  |c Mária Nováková ; škol. Viktória Bobáková 
264 1 |a Košice  |c 2009 
300 |a 67 s. 
100 1 |a Nováková, Mária 
700 1 |a Bobáková, Viktória 
710 2 |a Podnikovohospodárska fakulta EU so sídlom v Košiciach. Katedra účtovníctva a financií